00710nam a2200193 a 4500003000200000005001700002008004100019050003100060100002000091245007100111260009200182300004700274504004100321650002200362650003600384650002600420650004200446650002800488020250312144319.0080728s19uu xx 00 eng d aPGS LB 1072.S8b.P235 2008 aPark, Hye Hyun. aStress management of Filipino and Korean students.cHye Hyun Park. aLas Piñas City, Philippines : bSouthville International School and Colleges,c2008. a22 pages : b illustrations ; c28 cm.  aIncludes bibliographical references. aStress in youth.  aStress management in children.  aStudentsvPsychology. aAdjustment (Psychology) in children.  aCross-cultural studies.